Countries With a Female Majority in Parliament - Statistics

General Stats
  • This quiz has been taken 134 times
    32 since last reset
  • The average score is 3 of 6
Answer Stats
% Female Country % Correct
50.0 Mexico
71%
55.7 Cuba
57%
55.0 Nicaragua
54%
63.8 Rwanda
46%
50.8 Bolivia
43%
50.0 Andorra
32%
No matching quizzes found
Score Distribution
Percent of People with Each Score
Percentile by Number Answered
Your Score History
You have not taken this quiz since the last reset